Normal view MARC view
  • TATIYA, RAMESHWAR

Entry Personal Name

Number of records used in: 1

001 - CONTROL NUMBER

  • control field: 8433

003 - CONTROL NUMBER IDENTIFIER

  • control field: JRU

005 - DATE AND TIME OF LATEST TRANSACTION

  • control field: 20240705121758.0

008 - FIXED-LENGTH DATA ELEMENTS

  • fixed length control field: 240705|| aca||aabn | a|a d

040 ## - CATALOGING SOURCE

  • Original cataloging agency: JRU
  • Transcribing agency: JRU

100 ## - HEADING--PERSONAL NAME

  • Personal name: TATIYA, RAMESHWAR

670 ## - SOURCE DATA FOUND

  • Source citation: Work cat.: (JRU)8534: TATIYA, RAMESHWAR, BHULE NA BHULAYE